Řád /

Hlavní autor: Rath, David, 1965-
Jazyk: Čeština
Vydáno: Praha : Ottovo nakladatelství, s.r.o., 2017
Vydání: České vydání první
Témata:
Fyzický popis: 272 stran ; 21 cm
Knihy
Uloženo v:
LEADER 01231cam a2200385 i 4500
001 nkc20172943981
003 CZ PrNK
005 20180208090510.0
007 ta
008 171020s2017 xr g 000 f cze d
015 |a cnb002943981 
020 |a 978-80-7451-644-3  |q (brožováno) 
035 |a (OCoLC)1028212877 
040 |a KLG001  |b cze  |d OLA001  |e rda 
072 7 |a 821.162.3-3  |x Česká próza  |2 Konspekt  |9 25 
080 |a 821.162.3-31  |2 MRF 
080 |a (0:82-312.4)  |2 MRF 
100 1 |a Rath, David,  |d 1965-  |7 nlk19990073763  |4 aut 
245 1 0 |a Řád /  |c David Rath 
250 |a České vydání první 
264 1 |a Praha :  |b Ottovo nakladatelství, s.r.o.,  |c 2017 
300 |a 272 stran ;  |c 21 cm 
336 |a text  |b txt  |2 rdacontent 
337 |a bez média  |b n  |2 rdamedia 
338 |a svazek  |b nc  |2 rdacarrier 
655 7 |a české romány  |7 fd133974  |2 czenas 
655 7 |a thrillery (romány)  |7 fd184206  |2 czenas 
655 9 |a Czech fiction  |2 eczenas 
655 9 |a thrillers (novels)  |2 eczenas 
910 2 |a BOA001  |b 2-1400.071 
920 |a 1153023  |z KLG001 
990 |a BK 
995 |a 01 
991 |b 201801  |c NOV 
996 6 |b 2610730090  |c 2-1400.071  |l MZK  |r Sklad / do 1 hodiny  |n 0  |p p.v.  |w 001645226  |u 000010  |a 1  |e BOA001  |j MZK50  |s P